000 00424cam a2200145ua 4500
003 OSt
008 240320b |||||||| |||| 00| 0 eng d
041 _aeng
082 _a658.002
_bMAL/BA
100 _aMalhotra, A. M .
_95280
245 _aBank probationary and specialist officers and assistant manager`s exam /
260 _aNew Delhi :
_bBright careers institute ,
_c2009.
700 1 _aBright, P.S.
_95804
942 _cBK
999 _c13543
_d13543